Código de Comercio: anotaciones y concordancias, índice temático, títulos de artículos del cuerpo del código y de las normas del apéndice

Αποθηκεύτηκε σε:
Λεπτομέρειες βιβλιογραφικής εγγραφής
Συγγραφή απο Οργανισμό/Αρχή: Chile
Άλλοι συγγραφείς: Díaz Villalobos, José Ignacio (Διευθυντής)
Μορφή: Βιβλίο
Γλώσσα:Ισπανικά
Έκδοση: Santiago, Chile: Legal Publishing; Thomson Reuters, 2017
Έκδοση:Decimoséptima Edición.
Σειρά:Colección de Códigos 2017
Θέματα:
Ετικέτες: Προσθήκη ετικέτας
Δεν υπάρχουν, Καταχωρήστε ετικέτα πρώτοι!

MARC

LEADER 00000cam a2200000 a 4500
001 UCD7661
003 CL-VaPUC
005 20241009143449.0
008 170331e20170109cl |||||||||||||||||spa|d
999 |c 367629  |d 367627 
020 |a 9789563468458 
040 |c Pontificia Universidad Católica de Valparaíso 
082 0 4 |a 346.8307 CHI 2017  |2 21 
110 1 |a Chile  |9 890760 
245 1 0 |a Código de Comercio: anotaciones y concordancias, índice temático, títulos de artículos del cuerpo del código y de las normas del apéndice 
250 |a Decimoséptima Edición.  |b Actualizada al 9 de enero de 2017. 
260 |a Santiago, Chile:  |b Legal Publishing;  |b Thomson Reuters,  |c 2017 
300 |a 1134 páginas 
490 0 |a Colección de Códigos 2017 
505 |a Mensaje del Ejecutivo. -Título Preliminar. Disposiciones generales. -Libro I. De los Comerciantes y de los Agentes del Comercio. -Libro II. De los Contratos y Obligaciones Mercantiles en General. -Libro III. De la Navegación y el Comercio Marítimos. -Libro IV. De las Quiebras (Derogado). Apéndice: -Ley N.º 20.720. Sustituye el Régimen Concursal vigente por una Ley de Reorganización y Liquidación de Empresas y Personas, y perfecciona el Rol de la Superintendencia del ramo (D.O. de 9 de enero de 2014). -Ley N.º 18.046. Ley sobre Sociedades Anónimas. (D.O. de 22 de octubre de 1981). -Ley N.º 3.918. Ley sobre Sociedades de Responsabilidad Limitada (D.O. de 14 de marzo de 1923). -Ley N.º 19.857. Autoriza el establecimiento de Empresas Individuales de Responsabilidad Limitada (D.O. de 11 de febrero de 2003). -Ley N.º 19.499. Establece Normas sobre Saneamiento de Vicios de Nulidad de Sociedades y Modifica Código de Comercio y otros Cuerpos Legales. (D.O. de 11 de abril de 1997). -Ley N.º 20.659. Simplifica el régimen de constitución, modificación y disolución de las sociedades comerciales. (D.O. de 8 de febrero de 2013). -Ley N.º 18.045. Ley de Mercado de Valores. (D.O. de 22 de octubre de 1981). -Ley N.º 18.092. Dicta nuevas Normas sobre Letra de Cambio y Pagaré y Deroga Disposiciones del Código de Comercio. (D.O. de 14 de enero de 1982). -Ley N.º 18.552. Regula tratamiento de Títulos de Crédito. (D.O. de 20 de septiembre de 1986). -Ley N.º 20.190 (artículo 14). Dicta Normas sobre Prenda sin Desplazamiento y crea el Registro de Prendas sin desplazamiento. (D.O. de 5 de junio de 2007). -Ley N.º 4.287. Ley sobre Prenda de Valores Mobiliarios a favor de los Bancos. (D.O. de 23 y 29 de febrero de 1928). -Ley N.º 18.010. Establece Normas para las Operaciones de Crédito y otras Obligaciones de Dinero que indica. (D.O. de 27 de junio de 1981). -Ley N.º 18.840. Ley Orgánica Constitucional del Banco Central de Chile. (D.O. de 10 de octubre de 1989). -Ley N.º 19.496. Establece Normas sobre Protección de los Derechos de los Consumidores. (D.O. de 7 de marzo de 1997). 
583 |a last modification  |c 20170331 00:58:00  |k Rodrigo Vera 
650 0 |a Derecho comercial chileno  |9 430902 
650 0 |a Código de comercio   |9 329302 
700 |a Díaz Villalobos, José Ignacio  |e director  |9 556749 
942 |c BK  |2 ddc 
945 |d 20170331 00:58:00  |a arojas 
952 |0 0  |1 0  |3 erb  |4 0  |6 346_830700000000000_CHI_2017  |7 0  |8 R  |9 482624  |a BIBDER  |b BIBDER  |i 5371333  |o 346.8307 CHI 2017  |p 5371333  |r 2023-01-25  |w 2019-11-24  |y BK_R  |z Catalogado en:20170331  |k DER